000 00382nam a2200169Ia 4500
001 32810
003 IN-NITTTR
005 20251114232916.0
008 251113s9999||||xx |||||||||||||| ||eng||
040 _beng
040 _cIN-NITTTR
041 _aeng
082 _a620.1 D912A
100 _aDuncan, J.
245 0 _aApplied mechanics for eginners /
_cDuncan, J.
942 _2ddc
_cBK
999 _c2060
_d2060